One Piece Marines character Sudden Death - Statistiques

Statistiques générales
  • Ce quiz a été pris 44 fois
  • Le résultat moyen est 6 sur 8
Answers on the Grid
Answers color-coded by a green-red scale on the quiz's grid according to % correct below.
Monkey D. Luffy
Lucci
Kuma
Akainu
Saturn
Jinbe
Kizaru
Bell-mère
Whitebeard
Helmeppo
Koby
Tsuru
Nezumi
Wiper
Enel
Bonney
Blackbeard
Garp
Monkey D Dragon
Kaku
 
Statistiques - réponses
Réponse % Correct
Akainu
96%
Kizaru
79%
Koby
79%
Bell-mère
75%
Tsuru
75%
Garp
68%
Helmeppo
68%
Nezumi
68%
Aucun quiz correspondant
Distribution des résultats
% des personnes avec chaque résultat
Percentile par nombre de réponses
Votre historique - résultats
Vous n’avez pas pris ce quiz